000 00531nam a22001697a 4500
008 170612b xxu||||| |||| 00| p tur d
041 _atur
050 _aPL248.D455
100 _aDemirtaş, Metin
_9250
245 _aHançer ve Lirik
_cMetin Demirtaş
_bGörüşme Yeri, Hazırol Kalbim, Hançer ve Lirik 1959-1983
250 _a2. baskı
260 _aAnkara
_bOnur Yayınları
_c1988
300 _a127 sayfa
500 _aKitabın 1. baskısı da kütüphanemizde mevcuttur.
650 0 _9145
_aTürk Edebiyatı
942 _2lcc
_cBK
999 _c300
_d296